| 000 | 00670nam a22002177a 4500 | ||
|---|---|---|---|
| 999 |
_c8596 _d8596 |
||
| 001 | 8596 | ||
| 003 | BD-JhCC | ||
| 005 | 20180227195830.0 | ||
| 008 | 180227b1981 bg |||| ||a| 000 0 ben d | ||
| 035 | _a(BD-JhCC) 8596 | ||
| 040 |
_aBD-JhCC _dBD-JhCC |
||
| 041 | _aben | ||
| 082 |
_a901 _b1981 |
||
| 100 | _aতরফদার, মমতাজুর রহমান | ||
| 245 |
_aইতিহাসের দর্শন / _c মমতাজুর রহমান তরফদার |
||
| 260 |
_aঢাকা : _bবাংলা একাডেমী ঢাকা , _c1969 |
||
| 300 |
_a382 p .: _c22 cm . |
||
| 650 | _aHistory | ||
| 942 |
_2ddc _cBK |
||